African Capitals - Sudden Death - Statistics

General Stats
  • This quiz has been taken 3,496 times
  • The average score is 19 of 31
Answers on the Grid
Answers color-coded by a green-red scale on the quiz's grid according to % correct below.
Abidjan
Abuja
Accra
Addis Ababa
Alexandria
Bamako
Bangui
Bissau
Brazzaville
Cairo
Casablanca
Dakar
Dar-es-Salaam
Dodoma
Durban
Fez
Freetown
Gaborone
Gitega
Giza
Ibadan
Johannesburg
Kano
Khartoum
Kinshasa
Kumasi
Lagos
Lilongwe
Lome
Luanda
Lusaka
Maputo
Mogadishu
Monrovia
Mombasa
N'Djamena
Niamey
Omdurman
Port Louis
Porto-Novo
Pretoria
Port Said
Ruiru
Sokoto
Tangier
Tunis
Vereeniging
Victoria
Warri
Welkom
Xai-Xai
Yamoussoukro
Yenagoa
Zaria
Zanzibar
Windhoek
 
Answer Stats
Answer % Correct
Cairo
86%
Addis Ababa
84%
Accra
83%
Abuja
80%
Dakar
77%
Brazzaville
76%
Bissau
73%
Bamako
69%
Freetown
66%
Bangui
62%
Khartoum
61%
Kinshasa
61%
Dodoma
60%
Gaborone
60%
Tunis
60%
Mogadishu
59%
Luanda
57%
Windhoek
57%
Monrovia
55%
N'Djamena
55%
Pretoria
55%
Lusaka
54%
Maputo
53%
Niamey
53%
Gitega
52%
Lome
52%
Yamoussoukro
52%
Lilongwe
51%
Porto-Novo
50%
Port Louis
49%
Victoria
49%
No matching quizzes found
Score Distribution
Percent of People with Each Score
Percentile by Number Answered
Your Score History
You have not taken this quiz